| 000 | 00519nam a2200181Ia 4500 | ||
|---|---|---|---|
| 008 | 100917s9999 xx 000 0 und d | ||
| 082 | _b53739 | ||
| 100 | _aकेतकर श्री. व्यं. | ||
| 245 | _aविचक्षणा | ||
| 260 |
_bकिर्लोस्कर प्रेस _c1937 |
||
| 300 | _a314 | ||
| 365 | _b2 | ||
| 520 | _aकादंबरी | ||
| 630 | _aविचक्षणा | ||
| 650 | _aकादंबरी | ||
| 730 | _aविचक्षणा | ||
| 942 | _cBOOK | ||
| 999 |
_c659133 _d659130 |
||